[Event "estcc65+"]
[Site "Mali Losinj, Hotel Aurora"]
[Date "2019.09.18"]
[Round "1.4"]
[White "Grahn, Lars"]
[Black "Renman, Nils-Gustaf"]
[Result "1/2-1/2"]
[WhiteElo "2024"]
[BlackElo "2340"]
[PlyCount "114"]
[EventDate "2019.09.18"]
[WhiteTeam "Sweden 2"]
[BlackTeam "Sweden 1"]

1. d4 d5 2. c4 c6 3. cxd5 cxd5 4. Bf4 Nc6 5. e3 Nf6 6. Nc3 a6 7. Bd3 Bg4 8.
Nge2 e6 9. Rc1 Be7 10. O-O O-O 11. f3 Bh5 12. Na4 Bg6 13. Nc5 Bxc5 14. Rxc5 Qb6
15. Bxg6 hxg6 16. Qc2 Rfe8 17. Re1 e5 18. Bxe5 Nd7 19. Rc3 Ndxe5 20. dxe5 Rxe5
21. Rb3 Qa7 22. Ng3 Rae8 23. Qd2 g5 24. Rd3 Qc5 25. Rc1 Qb6 26. Re1 d4 27. e4
g6 28. Kf1 Rb5 29. b3 Rd8 30. Ne2 Qc5 31. Rd1 Qe5 32. Kg1 Rc5 33. Nxd4 Nxd4 34.
Rxd4 Rxd4 35. Qxd4 Qxd4+ 36. Rxd4 Rc1+ 37. Kf2 Rc2+ 38. Kg3 Rxa2 39. Rd8+ Kg7
40. Rb8 b5 41. b4 Kf6 42. Rb7 Ke6 43. Rc7 Ra4 44. Kg4 f6 45. Rc6+ Ke5 46. g3
Rxb4 47. Rxa6 Rb2 48. h3 Rg2 49. Rb6 f5+ 50. exf5 gxf5+ 51. Kxg5 Rxg3+ 52. Kh4
Rg8 53. Rxb5+ Kf4 54. Rb4+ Kxf3 55. Rb3+ Ke4 56. Rb4+ Ke3 57. Rb3+ Kf4 1/2-1/2

[Event "estcc65+"]
[Site "Mali Losinj, Hotel Aurora"]
[Date "2019.09.18"]
[Round "1.6"]
[White "Dalling, Peter"]
[Black "Mueller, Gerhard"]
[Result "1/2-1/2"]
[WhiteElo "1824"]
[BlackElo "2104"]
[PlyCount "52"]
[EventDate "2019.09.18"]
[WhiteTeam "Sweden 3"]
[BlackTeam "Rochade Bielefeld Revival (GER)"]

1. e4 c5 2. Nf3 d6 3. d4 cxd4 4. c3 Nf6 5. Bd3 dxc3 6. Nxc3 e5 7. h3 Be6 8. Qe2
Nbd7 9. Ng5 Be7 10. Nxe6 fxe6 11. Bc4 O-O 12. Bxe6+ Kh8 13. O-O a6 14. a4 Nc5
15. Bc4 Qd7 16. Rd1 Ne6 17. Be3 g6 18. Bh6 Rfd8 19. Nd5 Nxd5 20. Bxd5 Nd4 21.
Qd3 Rac8 22. Rdc1 Bf8 23. Bg5 Be7 24. Bh6 Bf8 25. Bg5 Be7 26. Bh6 Bf8 1/2-1/2

[Event "estcc65+"]
[Site "Mali Losinj, Hotel Aurora"]
[Date "2019.09.20"]
[Round "3.8"]
[White "Vadlja, Stjepan"]
[Black "Karppinen, Martti"]
[Result "1/2-1/2"]
[WhiteElo "1636"]
[BlackElo "1925"]
[PlyCount "174"]
[EventDate "2019.09.18"]
[WhiteTeam "CC Mursko Sredisce (CRO)"]
[BlackTeam "Northern Moves (FIN)"]

1. d4 d5 2. c4 c6 3. e3 Nf6 4. Nc3 g6 5. b3 Bg7 6. Bb2 O-O 7. Be2 Qa5 8. Qd2
Rd8 9. Nf3 Bf5 10. O-O Qc7 11. Rac1 Ne4 12. Qe1 Nxc3 13. Qxc3 Be4 14. Nd2 Qd6
15. f3 Bf5 16. cxd5 cxd5 17. Qc7 Qd7 18. Qxd7 Nxd7 19. Rc7 Rdc8 20. Rfc1 Rxc7
21. Rxc7 Bh6 22. Kf2 a6 23. g4 Be6 24. h4 f6 25. Rxb7 Rc8 26. Bd3 Rb8 27. Bxa6
Rxb7 28. Bxb7 Bf7 29. a4 e6 30. a5 Bf8 31. a6 Bb4 32. Ke2 Be8 33. a7 Nb6 34.
a8=Q Nxa8 35. Bxa8 Bb5+ 36. Ke1 h5 37. e4 hxg4 38. fxg4 dxe4 39. Bxe4 Kf7 40.
Bf3 f5 41. d5 fxg4 42. dxe6+ Kxe6 43. Bxg4+ Kf7 44. Be2 Bc6 45. Bd4 Bb7 46.
Bc4+ Kf8 47. Ke2 Bc8 48. Bf6 Bg4+ 49. Nf3 Ba5 50. Bg5 Kg7 51. Kf2 Bc7 52. Kg2
Bd6 53. Nd4 Bc8 54. Bd5 Bb4 55. Kf3 Bc3 56. Ke3 Bh3 57. Kd3 Be1 58. Ke2 Bc3 59.
Ke3 Kh7 60. Ne6 Bb4 61. Kd4 Bf1 62. Bc4 Bh3 63. Nf4 Bf5 64. Be6 Bc2 65. Kc4 Bd6
66. Kc3 Bb1 67. Bc4 Be5+ 68. Kb4 Bd6+ 69. Kb5 Bf5 70. Kc6 Bb4 71. Bd5 Bc2 72.
Ne6 Bd3 73. Nf4 Bc2 74. Kd7 Bf5+ 75. Ke8 Kg7 76. Ne6+ Kh7 77. Kf7 Bc3 78. Nf8+
Kh8 79. Bf6+ Bxf6 80. Kxf6 Bc2 81. Nxg6+ Bxg6 82. b4 Be8 83. Bc4 Ba4 84. b5
Bxb5 85. Bxb5 Kh7 86. Be8 Kh8 87. Kg6 Kg8 1/2-1/2

[Event "estcc65+"]
[Site "Mali Losinj, Hotel Aurora"]
[Date "2019.09.22"]
[Round "5.1"]
[White "Balashov, Yuri S"]
[Black "Renman, Nils-Gustaf"]
[Result "1/2-1/2"]
[WhiteElo "2466"]
[BlackElo "2340"]
[PlyCount "81"]
[EventDate "2019.09.18"]
[WhiteTeam "Russia"]
[BlackTeam "Sweden 1"]
[WhiteTeamCountry "RUS"]

1. e4 e6 2. d4 d5 3. Nd2 c5 4. exd5 exd5 5. Bb5+ Nc6 6. Ngf3 Qe7+ 7. Be2 Qc7 8.
O-O Nf6 9. Re1 cxd4 10. Nb3 Bb4 11. Bd2 Bxd2 12. Qxd2 O-O 13. Nfxd4 Bd7 14. Bd3
Rfe8 15. Qc3 Rac8 16. Nxc6 bxc6 17. Nc5 Ng4 18. g3 f6 19. Qd4 Re5 20. f4 Rxe1+
21. Rxe1 Re8 22. Rxe8+ Bxe8 23. h3 Nh6 24. Qe3 Bf7 25. b4 g6 26. g4 Kg7 27. a4
Ng8 28. a5 h6 29. h4 Qd6 30. c3 Ne7 31. Kg2 d4 32. Qxd4 Qxd4 33. cxd4 Nd5 34.
Kf3 Nxb4 35. Bb1 Bd5+ 36. Ke3 g5 37. hxg5 hxg5 38. fxg5 fxg5 39. Bf5 Kf7 40.
Kd2 Bf3 41. Ke3 1/2-1/2

[Event "estcc65+"]
[Site "Mali Losinj, Hotel Aurora"]
[Date "2019.09.22"]
[Round "5.1"]
[White "Malmdin, Nils-Ake"]
[Black "Zhelnin, Vladimir V"]
[Result "1/2-1/2"]
[WhiteElo "2142"]
[BlackElo "2406"]
[PlyCount "60"]
[EventDate "2019.09.18"]
[WhiteTeam "Sweden 1"]
[BlackTeam "Russia"]
[BlackTeamCountry "RUS"]

1. e4 c5 2. Nf3 d6 3. Nc3 a6 4. a4 Nc6 5. d4 cxd4 6. Nxd4 g6 7. Be3 Bg7 8. Qd2
Nf6 9. h3 O-O 10. Be2 d5 11. Nxc6 bxc6 12. e5 Ne4 13. Nxe4 dxe4 14. Qc3 Be6 15.
O-O Qc7 16. Bf4 a5 17. b3 c5 18. Rad1 Rfc8 19. Qg3 c4 20. Rd4 cxb3 21. cxb3 Qb6
22. Rxe4 Qxb3 23. Qh4 Qb7 24. Rd4 Rab8 25. Rfd1 Qc7 26. Bb5 Rd8 27. Rxd8+ Rxd8
28. Rxd8+ Qxd8 29. Qg3 Qd4 30. Qe3 Qxe3 1/2-1/2

[Event "estcc65+"]
[Site "Mali Losinj, Hotel Aurora"]
[Date "2019.09.22"]
[Round "5.3"]
[White "Rooze, Jan"]
[Black "Rantanen, Yrjo A."]
[Result "1/2-1/2"]
[WhiteElo "2281"]
[BlackElo "2309"]
[PlyCount "96"]
[EventDate "2019.09.18"]
[WhiteTeam "Belgium"]
[BlackTeam "Finland 1"]
[WhiteTeamCountry "BEL"]

1. c4 e5 2. g3 Nf6 3. Bg2 c6 4. d4 exd4 5. Qxd4 d5 6. Nf3 Be7 7. cxd5 cxd5 8.
O-O Nc6 9. Qd3 O-O 10. Nc3 Nb4 11. Qd1 Ne4 12. Nb5 Qb6 13. Nbd4 Nc6 14. Nb3 Rd8
15. Be3 Qa6 16. Nbd4 Bf6 17. Re1 Bg4 18. a3 Rac8 19. h3 Bxf3 20. exf3 Nxd4 21.
Bxd4 Nc5 22. Bf1 Qb6 23. Re3 Bxd4 24. Qxd4 Ne6 25. Qxb6 axb6 26. Rd1 d4 27. Rb3
Rd6 28. f4 Nc5 29. Rb5 Kf8 30. Bd3 h6 31. Kf1 Re8 32. Rb4 Ke7 33. Re1+ Kd8 34.
Rxe8+ Kxe8 35. Ke2 Kd8 36. Kd2 Kc7 37. Rc4 Kb8 38. b4 Na4 39. Rc1 Nc3 40. Re1
Rd7 41. Bf5 Rc7 42. Re8+ Ka7 43. Rd8 Nb5 44. a4 Nc3 45. Rxd4 Nxa4 46. Rd7 Kb8
47. Rd8+ Ka7 48. Rd7 Kb8 1/2-1/2

[Event "estcc65+"]
[Site "Mali Losinj, Hotel Aurora"]
[Date "2019.09.23"]
[Round "6.1"]
[White "Zhelnin, Vladimir V"]
[Black "Mueller, Gerhard"]
[Result "1-0"]
[WhiteElo "2406"]
[BlackElo "2104"]
[PlyCount "103"]
[EventDate "2019.09.18"]
[WhiteTeam "Russia"]
[BlackTeam "Rochade Bielefeld Revival (GER)"]
[WhiteTeamCountry "RUS"]

1. e4 c5 2. Nf3 d6 3. Bb5+ Bd7 4. Bxd7+ Qxd7 5. c4 Nc6 6. d4 cxd4 7. Nxd4 Nf6
8. Nc3 g6 9. f3 Nxd4 10. Qxd4 Bg7 11. Bd2 O-O 12. Rc1 a6 13. Qd3 b5 14. cxb5
axb5 15. a3 Rab8 16. Nd1 Rfc8 17. Rxc8+ Rxc8 18. O-O d5 19. e5 Ne8 20. f4 e6
21. Nc3 Rb8 22. Na2 Rc8 23. Nc3 Rb8 24. Ne2 Bf8 25. Rc1 b4 26. axb4 Bxb4 27.
Be3 Be7 28. b3 Ng7 29. g4 h5 30. h3 Qb5 31. Rc8+ Kh7 32. Qxb5 Rxb5 33. Nd4 Rb7
34. Kf2 hxg4 35. hxg4 Ba3 36. Rc2 Be7 37. Ke2 Bd8 38. Nc6 Bb6 39. b4 g5 40.
fxg5 Bxe3 41. Kxe3 Kg6 42. Kd4 Kxg5 43. Kc5 Ne8 44. b5 Nc7 45. Nd4 Nxb5 46.
Nxb5 f6 47. Kc6 Rh7 48. exf6 Kxf6 49. Rg2 Ke5 50. g5 Rg7 51. Nd6 d4 52. Rg4 1-0

[Event "estcc65+"]
[Site "Mali Losinj, Hotel Aurora"]
[Date "2019.09.23"]
[Round "6.3"]
[White "Renman, Nils-Gustaf"]
[Black "Huss, Andreas"]
[Result "1-0"]
[WhiteElo "2340"]
[BlackElo "2261"]
[PlyCount "83"]
[EventDate "2019.09.18"]
[WhiteTeam "Sweden 1"]
[BlackTeam "Switzerland"]
[BlackTeamCountry "SUI"]

1. d4 e6 2. c4 Nf6 3. Nf3 b6 4. a3 Bb7 5. Nc3 d5 6. Bg5 Nbd7 7. cxd5 exd5 8.
Qa4 a6 9. Ne5 b5 10. Qb3 Be7 11. Nxd7 Qxd7 12. e3 O-O 13. Be2 h6 14. Bxf6 Bxf6
15. O-O Be7 16. Bf3 Rfd8 17. Rfd1 Qf5 18. Rac1 c6 19. e4 dxe4 20. Nxe4 Qg6 21.
Qc3 Rd7 22. Nd2 a5 23. Nb3 b4 24. axb4 Bxb4 25. Qc4 Rad8 26. h3 Qf6 27. Rd3 Rd6
28. Rcd1 Bc8 29. Nc5 Bf5 30. Ne4 Bxe4 31. Bxe4 Qe6 32. d5 cxd5 33. Bxd5 Qd7 34.
b3 Kf8 35. Qe4 Kg8 36. Qe5 Kf8 37. Qh5 Kg8 38. Kh2 Kf8 39. g3 Qa7 40. Rf3 R8d7
41. Kg2 Rxd5 42. Rxd5 1-0

[Event "estcc65+"]
[Site "Mali Losinj, Hotel Aurora"]
[Date "2019.09.23"]
[Round "6.7"]
[White "Petanjek, Zvonko"]
[Black "Ewart, Brian R"]
[Result "0-1"]
[WhiteElo "1650"]
[BlackElo "1882"]
[PlyCount "92"]
[EventDate "2019.09.18"]
[WhiteTeam "CC Mursko Sredisce (CRO)"]
[BlackTeam "England"]
[BlackTeamCountry "ENG"]

1. e4 c5 2. Nc3 Nc6 3. Nf3 a6 4. a3 b5 5. d4 cxd4 6. Nxd4 Bb7 7. Nxc6 Bxc6 8.
Bd3 g6 9. O-O Bg7 10. Bd2 Qc7 11. Rb1 Nf6 12. Bg5 Qb7 13. Re1 d6 14. f3 O-O 15.
Na2 a5 16. Nc3 b4 17. Ne2 h6 18. Bxf6 Bxf6 19. axb4 axb4 20. b3 Rfd8 21. Bc4 d5
22. exd5 Bxd5 23. Bxd5 Rxd5 24. Qc1 Qb6+ 25. Kh1 Rad8 26. Nf4 Rd2 27. Nd3 Bc3
28. Rd1 Rxd1+ 29. Qxd1 Qe3 30. Qg1 Qe2 31. Qf2 Qxf2 32. Nxf2 Rd2 33. Ng4 h5 34.
Ne3 Bd4 35. Nd5 Bc5 36. c4 bxc3 37. Nxc3 Bb4 38. Ne4 Rc2 39. Kg1 e5 40. h3 Kf8
41. g4 hxg4 42. hxg4 f5 43. gxf5 gxf5 44. Ng3 Bc5+ 45. Kh1 Rf2 46. Nxf5 Rxf3
0-1

[Event "estcc65+"]
[Site "Mali Losinj, Hotel Aurora"]
[Date "2019.09.24"]
[Round "7.7"]
[White "Vadlja, Stjepan"]
[Black "Carlsten, Peter"]
[Result "0-1"]
[WhiteElo "1636"]
[BlackElo "1986"]
[PlyCount "120"]
[EventDate "2019.09.18"]
[WhiteTeam "CC Mursko Sredisce (CRO)"]
[BlackTeam "Sweden 3"]

1. d4 f5 2. c4 Nf6 3. Nc3 g6 4. Nf3 Bg7 5. e3 O-O 6. Be2 d6 7. Qb3 e6 8. O-O
Qe7 9. h3 c6 10. Bd3 Kh8 11. Bd2 e5 12. dxe5 dxe5 13. Nh2 Rd8 14. Qc2 Qd6 15.
Qb3 Qxd3 16. Rad1 Qd6 17. Nf3 Qc7 18. c5 Qe7 19. Na4 Be6 20. Qc2 Nbd7 21. Ba5
Rf8 22. Bc7 Ne8 23. Bd6 Nxd6 24. cxd6 Qf6 25. b3 Rfd8 26. Rd2 Bd5 27. Rfd1 Qxd6
28. Nc3 Nf6 29. Ng5 Qe7 30. Nxd5 Nxd5 31. Nf3 Nb6 32. a4 Nd5 33. Qc4 Bf6 34. g3
Kg7 35. Kg2 Nb6 36. Qc2 Rxd2 37. Qxd2 Qe6 38. Qc2 Rd8 39. Re1 Qd5 40. e4 fxe4
41. Rxe4 Qd3 42. Qxd3 Rxd3 43. Nxe5 Rxb3 44. Ng4 Nd5 45. Re8 h5 46. Nh2 Kf7 47.
Ra8 a6 48. a5 Rb5 49. Nf3 Rxa5 50. h4 Ra2 51. Ng5+ Bxg5 52. hxg5 a5 53. Ra7 Rb2
54. Rxa5 Ne3+ 55. Kf3 Ng4 56. Ra7 Rxf2+ 57. Ke4 Rb2 58. Kd4 Ke6 59. Ra8 Kf5 60.
Kc3 Rb5 0-1

[Event "estcc65+"]
[Site "Mali Losinj, Hotel Aurora"]
[Date "2019.09.26"]
[Round "9.8"]
[White "Nielsen, Preben Lovgren"]
[Black "Cassidy, Sydney"]
[Result "1-0"]
[WhiteElo "2007"]
[BlackElo "1599"]
[PlyCount "79"]
[EventDate "2019.09.18"]
[WhiteTeam "Roskilde-Skive (DEN)"]
[BlackTeam "Ireland"]
[BlackTeamCountry "IRL"]

1. e4 c5 2. Nf3 d6 3. d4 cxd4 4. Nxd4 Nf6 5. Nc3 a6 6. Bg5 Nbd7 7. f4 h6 8.
Bxf6 Nxf6 9. Bc4 e6 10. Qf3 Be7 11. O-O-O Bd7 12. e5 Nh7 13. f5 O-O 14. f6 gxf6
15. Qg3+ Kh8 16. exd6 Rg8 17. dxe7 Qxe7 18. Qf3 b5 19. Bd3 f5 20. g3 Qc5 21.
Qe3 Rac8 22. Rhe1 b4 23. Nb1 Rg4 24. Nf3 Qxe3+ 25. Rxe3 Bb5 26. Ne5 Rg7 27.
Bxb5 axb5 28. Red3 Nf6 29. Rd8+ Rxd8 30. Rxd8+ Kh7 31. Rd4 Nd5 32. Nd3 Rg4 33.
Nf4 Kg7 34. Kd2 Kf8 35. Kd3 Ke7 36. Nxd5+ exd5 37. Rxg4 fxg4 38. Ke3 Ke6 39.
Kf4 f5 40. Nd2 1-0